000 00331nam a2200145Ia 4500
003 OSt
008 191201s2002 xx 000 0 und d
082 _a621.3822
_bPRD
100 _aPRATT, K William
245 0 _aDigital Image Processing
260 _bJohn wiley
_c2002
300 _a735
650 _aB.Tech(ECE)
942 _2ddc
_cBK
999 _c7145
_d7145